| 000 | 01116nam1a22002651 4500 | ||
|---|---|---|---|
| 001 | rc\2892330 | ||
| 005 | 20260506100536.0 | ||
| 035 | _a(NLR Aleph) 007044595 | ||
| 090 |
_a6130705 _c6130705 |
||
| 100 | _a20110725d1931 u y0rusy50 ca | ||
| 101 | 0 | _arus | |
| 102 | _aRU | ||
| 105 | _a z | ||
| 200 | 1 |
_aСводный план научно-исследовательских работ на 1931 год _fВСНХ СССР, Научно-исследовательский сектор |
|
| 210 |
_a[Москва] _cОгиз _cГоснаучтехиздат _d[1931] _g16-я тип. УПП Огиз |
||
| 215 | _d25 | ||
| 300 | _aГод изд. установлен по анализу текста | ||
| 309 | _aБез тит. л. и обл. Описано по 1-й с. | ||
| 710 | 0 | 1 |
_aСССР _bВысший совет народного хозяйства _bНаучно-исследовательский сектор _cдо 1932 г. _9868381 _3RU\NLR\AUTH\8810187483 |
| 801 | 0 |
_aRU _bNLR _gpsbo |
|
| 801 | 1 |
_aRU _bELAR _2rusmarc |
|
| 852 |
_aNLR _j32-19/17 |
||
| 942 | _cBOOK | ||
| 980 | _aNB | ||